Historia de la literatura y del arte dramático en España / (Record no. 164875)

MARC details
000 -LEADER
campo de control de longitud fija 01394nam a22003015i 4500
001 - NÚMERO DE CONTROL
campo de control 164875
003 - IDENTIFICADOR DE NÚMERO DE CONTROL
campo de control ES-MaACL
005 - FECHA Y HORA DE LA ÚLTIMA TRANSACCIÓN
campo de control 20250930063145.0
008 - DATOS DE LONGITUD FIJA--INFORMACIÓN GENERAL
campo de control de longitud fija 940615m18851888sp a |||| | spa d
040 ## - FUENTE DE CATALOGACIÓN
Centro catalogador/agencia de origen CAM
Lengua de catalogación spa
100 1# - ENTRADA PRINCIPAL--NOMBRE DE PERSONA
Nombre de persona Schack, Adolph Friedrich von,
Fechas asociadas al nombre 1815-1894
9 (RLIN) 132530
245 10 - MENCIÓN DEL TÍTULO
Título Historia de la literatura y del arte dramático en España /
Mención de responsabilidad, etc. por Adolfo Federico Conde de Schack, traducido directamente del alemán al castellano por Eduardo de Mier.
260 ## - PUBLICACIÓN, DISTRIBUCIÓN, ETC.
Lugar de publicación, distribución, etc. Madrid :
Nombre del editor, distribuidor, etc. [s.n.],
Fecha de publicación, distribución, etc. 1885-1887 (
Fabricante Imprenta y fundición de M. Tello,
Fecha de fabricación/manufactura 1888)
300 ## - DESCRIPCIÓN FÍSICA
Extensión 5 v., [1] h. de grab. ;
Dimensiones 17 cm.
490 1# - MENCIÓN DE SERIE
Mención de serie Colección de escritores castellanos. Críticos ;
Designación de volumen o secuencia 37, 46, 51, 58 y 59
596 ## - NOTA AL PIE DE IMPRENTA
NOTA AL PIE DE IMPRENTA Marca tip. en port.
596 ## - NOTA AL PIE DE IMPRENTA
NOTA AL PIE DE IMPRENTA Fecha del último tomo en colofón: 1888.
597 ## - NOTA DE DESCRIPCIÓN FÍSICA
NOTA DE DESCRIPCIÓN FÍSICA Port. a dos tintas.
597 ## - NOTA DE DESCRIPCIÓN FÍSICA
NOTA DE DESCRIPCIÓN FÍSICA T. I (490 p., [1] h. de grab.) -- t.II (474 p.) -- t. III (500 p.) -- t.IV (594 p.) -- t.V (434 p.)
599 ## - NOTA A LAS ILUSTRACIONES
NOTA A LAS ILUSTRACIONES La h. de grab. calc., retrato del autor en t. I : "B. Maura gvo"
650 #4 - PUNTO DE ACCESO ADICIONAL DE MATERIA--TÉRMINO DE MATERIA
Término de materia o nombre geográfico como elemento de entrada Literatura española-
Subdivisión general Historia y crítica
9 (RLIN) 14560
650 #4 - PUNTO DE ACCESO ADICIONAL DE MATERIA--TÉRMINO DE MATERIA
Término de materia o nombre geográfico como elemento de entrada Teatro español-
Subdivisión general Historia y crítica.
9 (RLIN) 136908
700 1# - ENTRADA AGREGADA--NOMBRE PERSONAL
Nombre de persona Mier, Eduardo de.
9 (RLIN) 129906
830 00 - PUNTO DE ACCESO ADICIONAL DE SERIE-TÍTULO UNIFORME
Título uniforme Colección de escritores castellanos. Críticos
Designación de volumen o secuencia 37, 46, 51, 58 y 59
9 (RLIN) 182227
852 ## - LOCALIZACIÓN
Ubicación ES-MaACL
Número de control de estantería F-12674-78
Nota libre -- Enc. hol.
Holdings
Estatus retirado Estado de pérdida Estado de daño No para préstamo Colección Biblioteca de origen Biblioteca actual Ubicación en estantería Fecha de adquisición Total de préstamos Signatura topográfica completa Código de barras Visto por última vez Precio de reemplazo Tipo de ítem Koha
        Libros del s. XIX Biblioteca del Ateneo de Madrid Biblioteca del Ateneo de Madrid Sala Pecera Planta 2 17/01/2008   F-12674-78 1172837 23/02/2023 23/02/2023 Libro impreso antiguo